Plánovanie peňažných tokov z investičnej činnosti účtovnej jednotky diplomová práca

Salvato in:
Dettagli Bibliografici
Autore principale: Palušková, Lucia
Ente Autore: Fakulta hospodárskej informatiky EU. Katedra účtovníctva a audítorstva
Altri autori: Sklenka, Miloš
Natura: Libro
Lingua:slovacco
Pubblicazione: Bratislava 2013
Tags: Aggiungi Tag
Nessun Tag, puoi essere il primo ad aggiungerne!!

MARC

LEADER 00000nbm a2200000 4500
001 0171581
005 20161109102442.9
041 0 |a slo 
044 |a SK 
245 1 0 |a Plánovanie peňažných tokov z investičnej činnosti účtovnej jednotky  |b diplomová práca  |c Lucia Palušková ; školiteľ: Miloš Sklenka 
264 1 |a Bratislava  |c 2013 
300 |a 63 s. 
100 1 |a Palušková, Lucia 
700 1 |a Sklenka, Miloš 
710 2 |a Fakulta hospodárskej informatiky EU. Katedra účtovníctva a audítorstva